000 00285nam a22001337a 4500
003 SGT
082 _a370
_bI16S
100 _aSINGH, DHIRENDRA
245 _aINDIAN HERITAGE AND CULTURE
260 _aNEW DELHI
_bAPH PUB
_c2016
300 _a313
650 _aEDUCATION
942 _2ddc
_cBK
999 _c12416
_d12416